000 00290nam a22001337a 4500
008 171214b xxu||||| |||| 00| 0 eng d
020 _a9780321286161
041 _aeng
080 _a311
100 _a55
101 _aSTA
245 _aSTATISTICS FOR BUSINESS
_cSTINE,R
942 _2udc
_cBK
999 _c38905
_d38905